000 01409nam a22003017a 4500
005 20250603081414.0
008 250603b ||||| |||| 00| 0 eng d
020 _a9780300246094
040 _aCO-BoUCM
_cDavid Moreno
_dDavid Moreno
041 _aeng
100 1 _aChilds, Adrienne L.
_9185901
245 1 0 _aOrnamental blackness
_bthe Black figure in European decorative arts
_cAdrienne L. Childs
250 _a1a.Ed
260 _aNew Haven, Estados unidos
_bYale University Press
_c2025
300 _aix, 195 Paginas
_bilustraciones a color
504 _aIncluye referencias bibliográficas e índices
505 _rIntroduction: finding ornamental blackness -- The French Court and beyond -- A Blackamoor's progress -- The vanquished -- Jewels, porcelain, and silver: Black bodies and eighteenth-century splendor -- Blackness, luxury arts, and industry in the sumptuous nineteenth century -- The Moors of Venice
650 1 4 _aArtes decorativas
_zEuropa
_9185902
650 1 4 _aArtes decorativas
_xTemas, motivos
_9185903
650 1 4 _aArte europeo
_xTemas, motivos
_9185904
650 1 4 _aArte y sociedad
_zEuropa
_9185905
653 _aRepresentación racial en el arte
653 _aArte y colonialismo
653 _aRaza y representación visual
653 _aImaginario racial en el arte europeo
942 _2DEWEY
_a17
_cLIBRO
_e1
_h745
_mC537o
_n0
999 _c325490
_d325490